Auden : an introductory essay / (Record no. 77291)
[ view plain ]
| 000 -LEADER | |
|---|---|
| fixed length control field | 00600nam a22002177a 4500 |
| 001 - CONTROL NUMBER | |
| control field | 77291 |
| 003 - CONTROL NUMBER IDENTIFIER | |
| rucl marc code | BD-RjUL |
| 005 - DATE AND TIME OF LATEST TRANSACTION | |
| control field | 20211209082944.0 |
| 008 - FIXED-LENGTH DATA ELEMENTS--GENERAL INFORMATION | |
| fixed length control field | 200311s1951 e ||||| |||| 00| 0 eng d |
| 035 ## - SYSTEM CONTROL NUMBER | |
| System control number | (BD-RjUL)77516 |
| 040 ## - CATALOGING SOURCE | |
| Original cataloging agency | BD-RjUL |
| Language of cataloging | eng |
| Transcribing agency | BD-RjUL |
| 041 ## - LANGUAGE CODE | |
| Language code of text/sound track or separate title | eng |
| 082 ## - DEWEY DECIMAL CLASSIFICATION NUMBER | |
| Edition number | 23 |
| Classification number | 821.9 |
| Author mark and year | HOA 1951 |
| 100 ## - MAIN ENTRY--PERSONAL NAME | |
| Personal name | Hoggart, Richard |
| 9 (RLIN) | 240715 |
| 245 ## - TITLE STATEMENT | |
| Title | Auden : an introductory essay / |
| Statement of responsibility, etc. | Richard Hoggart |
| 260 ## - PUBLICATION, DISTRIBUTION, ETC. (IMPRINT) | |
| Place of publication, distribution, etc. | London : |
| Name of publisher, distributor, etc. | Chatto & Windus, |
| Date of publication, distribution, etc. | 1951. |
| 300 ## - PHYSICAL DESCRIPTION | |
| Pagination | 256 p. ; |
| Size | 22 cm |
| 500 ## - GENERAL NOTE | |
| General note | Includes Index |
| 600 ## - SUBJECT ADDED ENTRY--PERSONAL NAME | |
| Personal name | Auden, W. H. (Wystan Hugh), |
| 942 ## - ADDED ENTRY ELEMENTS (KOHA) | |
| Source of classification or shelving scheme | Dewey Decimal Classification |
| Koha item type | Books |
| Lost status | Source of classification or shelving scheme | Damaged status | Not for loan | Collection code | Permanent Location | Current Location | Shelving location | Date acquired | Total Checkouts | Full call number | Date last seen | Copy number | Koha item type |
|---|---|---|---|---|---|---|---|---|---|---|---|---|---|
| Dewey Decimal Classification | Non-fiction | Central Library, University of Rajshahi | Central Library, University of Rajshahi | 11/03/2020 | 821.9 HOA 1951 | 11/03/2020 | C-2 | Books |